000 00520nam a2200193 4500
001 114285
003 ES-MaACL
005 20230906190122.0
007 t|
008 061121s1973 sp r ||||1| spa d
100 1 _aPallas, Rosa.
_988588
245 1 3 _aLa poesía de Emilio Ballagas /
_cRosa Pallas.
260 _aMadrid :
_bPlayor,
_c1973.
300 _a62 p. ;
_c19 cm.
490 1 _aPlaza mayor scholar
830 0 _aPlaza mayor scholar
_9181264
852 _aES-MaACL
_jC-54533
_bR.87514
999 _c114285
_d114285